Представление документа в формате MARC21

ПолеНазваниеЗначение
  Тип записи a
  Библиографический уровень m
001 Контрольный номер RU\infra-m\znanium\bibl\2236139
005 Дата корректировки 20260429142154.5
008 Кодируемые данные 251211s2025 RU g rus u
020 Индекс ISBN __
a ISBN 978-5-16-021714-7
020 Индекс ISBN __
a ISBN 978-5-16-109767-0 (электр. издание)
040 Источник каталогиз. __
a Служба первич. каталог. Общество с ограниченной ответственностью «ЗНАНИУМ»
041 Код языка издания __
a Код языка текста rus
044 Код страны публикации __
a Код страны публикации RU
080 Индекс УДК __
a Индекс УДК 687(075.32)
084 Индекс другой классификации/Индекс ББК __
2 Источник индекса rubbk
a Индекс другой классификации/Индекс ББК 37.2я723
084 Индекс другой классификации/Индекс ББК __
2 Источник индекса okso
a Индекс другой классификации/Индекс ББК 29.01.04
084 Индекс другой классификации/Индекс ББК __
2 Источник индекса okso
a Индекс другой классификации/Индекс ББК 29.01.31
084 Индекс другой классификации/Индекс ББК __
2 Источник индекса okso
a Индекс другой классификации/Индекс ББК 29.01.33
084 Индекс другой классификации/Индекс ББК __
2 Источник индекса okso
a Индекс другой классификации/Индекс ББК 29.02.05
084 Индекс другой классификации/Индекс ББК __
2 Источник индекса okso
a Индекс другой классификации/Индекс ББК 29.02.10
100 Автор __
a Автор Воронкова Т.Ю.
q Полное имя Воронкова Татьяна Юрьевна
245 Заглавие __
a Заглавие Проектирование швейных предприятий. Технологические процессы пошива одежды на предприятиях сервиса
b Продолж. заглавия Учебное пособие
250 Сведения об издании __
a Основные сведения об издании 1
260 Выходные данные __
a Место издания Москва
b Издательство ООО "Научно-издательский центр ИНФРА-М"
c Дата издания 2026
300 Физическое описание __
a Объем 128 с.
440 Серия __
a Серия Среднее профессиональное образование
520 Аннотация __
a Аннотация Изложены современные методы проектирования технологических процессов швейных цехов на предприятиях сервиса. Дана характеристика основных особенностей производства одежды по индивидуальным заказам определяющим подход к проектированию швейных предприятий сервиса и технологических процессов. Рассмотрены основные принципы совершенствования технологических процессов критерии и показатели прогрессивности процессов. Для студентов техникумов и колледжей обучающихся по специальностям 29.02.04 «Конструирование моделирование и технология швейных изделий» 29.02.05 «Технология текстильных изделий (по видам)».
521 Примеч. о цел. назн. __
a Примеч. о целев. назн. Среднее профессиональное образование
650 Тематические рубрики __
a Основная рубрика Промышленность. Энергетика
x Основная подрубрика Швейная промышленность
655 Указ. предметных рубрик (устаревшее) __
a Жанр/ форма (устаревшее) Учебное пособие
856 Электронный адрес документа 4_
a Имя сервера/домена znanium.ru
m Помощь ebs_support@infra-m.ru
n Местонахождение сервера НИЦ ИНФРА-М
u URL https://znanium.ru/catalog/document?id=474278
856 Электронный адрес документа 48
a Имя сервера/домена znanium.ru
d Путь /cover/2236
f Электронное имя 2236139.jpg
q Тип электронного формата image/jpeg
u URL https://znanium.ru/cover/2236/2236139.jpg
911 __
u 0030=https://znanium.ru/catalog/document?id=474278